| 000 | 01526nam a2200385 i 4500 | ||
|---|---|---|---|
| 001 | 73127 | ||
| 003 | Mx-PuUPA | ||
| 005 | 20251126162931.0 | ||
| 008 | 251126s2022 ||| gr 000 f spa d | ||
| 020 | _a9786073816137 | ||
| 040 |
_aMx-PuUPA _bspa _cMx-PuUPA _dMx-PuUPA _erda |
||
| 041 | 1 |
_aspa _heng |
|
| 100 | 1 |
_aPlath, Sylvia, _d1932-1963 _917706 _eautor |
|
| 240 | 1 | 4 |
_aThe Bell Jar. _lEspañol |
| 245 |
_aLa campana de cristal / _cSylvia Plath ; traducción de Eugenia Vázquez Nacarino ; prólogo de Aixa de la Cruz |
||
| 250 |
_aPrimera edición / _bjulio |
||
| 264 | 1 |
_aCiudad de México : _bDebolsillo, _c2022 |
|
| 300 |
_a262 páginas ; _c19 cm |
||
| 336 |
_2rdacontent _atexto _btxt |
||
| 337 |
_2rdamedia _asin medio _bn |
||
| 338 |
_2rdacarrier _avolumen _bnc |
||
| 500 | _aReimpresiones: (undécima reimpresión, mayo, 2025 ; décima segunda reimpresión, agosto, 2025). | ||
| 650 | 7 |
_2armarc _aNovela psicológica |
|
| 650 | 7 |
_2armarc _aDepresión (novela) |
|
| 650 | 7 |
_2armarc _aEstudiantes universitarias _vNovela |
|
| 650 | 7 |
_2armarc _aComportamiento suicida _vNovela |
|
| 655 | _aNovela psicológica | ||
| 700 | 1 |
_aCruz, Aixa de la, _eprologuista |
|
| 700 | 1 |
_aVázquez Nacarino, Eugenia, _etraductor |
|
| 765 | 0 |
_aPlath, Sylvia _tThe Bell Jar _d[lugar de publicación no identificado] : Faber and Faber, 1966 |
|
| 942 |
_2ddc _cLI _h813.54 _iP6618 |
||
| 999 |
_c73127 _d73127 |
||